Вып. 2 : Методические указания по изучению теоретического курса; Теоретическая механика

Bibliographic Details
Parent link:Теоретическая механика. Вып. 2 : Методические указания по изучению теоретического курса.— 2-е изд., перераб. и доп..— , 1963
Main Author: Майструк П. В.
Language:Russian
Published: 1963
Subjects:
Format: Book
KOHA link:https://koha.lib.tpu.ru/cgi-bin/koha/opac-detail.pl?biblionumber=300121

MARC

LEADER 00000nam2a2200000 4500
001 300121
005 20231102001254.0
035 |a (RuTPU)RU\TPU\book\325274 
090 |a 300121 
100 |a 20150707d1963 m y0rusy50 ca 
101 0 |a rus 
102 |a RU 
105 |a a j 000zy 
200 0 |a Вып. 2 : Методические указания по изучению теоретического курса  |f П. В. Майструк 
210 |d 1963 
215 |a 92 с.  |c ил. 
461 1 |0 (RuTPU)RU\TPU\book\279527  |t Теоретическая механика  |v Вып. 2 : Методические указания по изучению теоретического курса  |e 2-е изд., перераб. и доп.  |d 1963  |s В помощь студентам общетехнических факультетов высших учебных заведений 
606 1 |a Механика теоретическая  |2 stltpush  |3 (RuTPU)RU\TPU\subj\59441  |9 76991 
610 1 |a твердые тела 
610 1 |a статика 
610 1 |a кинематика 
610 1 |a динамика 
610 1 |a методические указания 
675 |a 531(076.5)  |v 4 
700 1 |a Майструк  |b П. В. 
801 1 |a RU  |b 63413507  |c 20150707 
801 2 |a RU  |b 63413507  |c 20170118  |g RCR 
942 |c BK